Derivaȯ̂ e Positivaȯ̂ no Direito Tributr̀io

Detalles Bibliográficos
Autor principal: de Barros Carvalho, Paulo
Formato: eBook
Lenguaje:portugués
Publicado: San Pablo: Editora Noeses, 2017
Materias:
Acceso en línea:Acceso restringido

MARC

LEADER 00000nam a22000007a 4500
005 20210616213528.0
007 cr|||| ||||
008 210616s2017 br |||||s|||| 00||0 por d
020 |a 978-8583100911 
035 |a 33646 
040 |a vLex 
090 |c 11784  |d 11784 
100 1 |a de Barros Carvalho, Paulo 
245 1 0 |a Derivaȯ̂ e Positivaȯ̂ no Direito Tributr̀io  |h [Recurso electrn̤ico] /  |c Paulo de Barros Carvalho 
256 |a Servicio en ln̕ea 
260 |a San Pablo:  |b Editora Noeses,  |c 2017 
300 |a 1 recurso electrn̤ico 
506 1 |a Disponible solo en los productos indicados  |d vLex Global  |d vLex Global (Academic Edition, excluding Law Schools)  |d vLex Global (U.S. Academic Edition, Law Schools)  |d vLex Global (U.S. Academic Edition, excluding Law Schools)  |d vLex Global (Academic Edition, Law Schools) 
650 0 4 |a Derecho Fiscal  |z Brasil 
740 0 |a vLex Libros (Servicio en ln̕ea) 
856 4 0 |u https://vlex.com/source/deriva-o-positiva-o-direito-tributario-33646  |z Acceso restringido 
942 |c BOOK 
999 0 |a Tax Law